Периодическая система химических элементов - Statistics

General Stats
  • This quiz has been taken 11 093 times
  • The average score is 42 of 118
Answer Stats
# Символ Элемент % Correct
1 H Водород
96%
8 O Кислород
92%
79 Au Золото
89%
26 Fe Железо
82%
19 K Калий
80%
47 Ag Серебро
80%
2 He Гелий
78%
20 Ca Кальций
78%
6 C Углерод
75%
29 Cu Медь
74%
7 N Азот
72%
3 Li Литий
71%
12 Mg Магний
71%
16 S Сера
70%
17 Cl Хлор
70%
11 Na Натрий
69%
5 B Бор
67%
9 F Фтор
64%
13 Al Алюминий
64%
92 U Уран
64%
35 Br Бром
63%
15 P Фосфор
57%
30 Zn Цинк
57%
80 Hg Ртуть
56%
14 Si Кремний
54%
56 Ba Барий
54%
87 Fr Франций
54%
4 Be Бериллий
53%
25 Mn Марганец
53%
32 Ge Германий
52%
10 Ne Неон
51%
53 I Иод
49%
82 Pb Свинец
49%
50 Sn Олово
48%
18 Ar Аргон
47%
22 Ti Титан
46%
24 Cr Хром
45%
78 Pt Платина
45%
88 Ra Радий
45%
94 Pu Плутоний
43%
33 As Мышьяк
42%
28 Ni Никель
41%
54 Xe Ксенон
39%
74 W Вольфрам
38%
55 Cs Цезий
37%
99 Es Эйнштейний
37%
101 Md Менделевий
35%
37 Rb Рубидий
34%
115 Mc Московий
34%
23 V Ванадий
33%
27 Co Кобальт
33%
38 Sr Стронций
33%
31 Ga Галлий
32%
34 Se Селен
31%
36 Kr Криптон
31%
46 Pd Палладий
31%
86 Rn радон
30%
93 Np Нептуний
30%
98 Cf Калифорний
29%
49 In Индий
28%
57 La Лантан
27%
84 Po Полоний
27%
42 Mo Молибден
26%
51 Sb Сурьма
26%
85 At Астат
26%
21 Sc Скандий
24%
77 Ir Иридий
24%
96 Cm Кюрий
24%
48 Cd Кадмий
23%
52 Te Теллур
23%
40 Zr Цирконий
22%
63 Eu Европий
22%
76 Os Осмий
22%
83 Bi Висмут
22%
89 Ac Актиний
22%
39 Y Иттрий
20%
44 Ru Рутений
20%
45 Rh Родий
20%
73 Ta Тантал
20%
95 Am Америций
20%
105 Db Дубний
20%
118 Og Оганесон
20%
62 Sm Самарий
19%
81 Tl Таллий
19%
90 Th Торий
19%
104 Rf Резерфордий
19%
107 Bh Борий
19%
43 Tc Технеций
17%
41 Nb Ниобий
16%
102 No Нобелий
16%
72 Hf Гафний
15%
110 Ds Дармштадтий
15%
60 Nd Неодим
13%
69 Tm Тулий
13%
75 Re Рений
13%
111 Rg Рентгений
13%
58 Ce Церий
12%
70 Yb Иттербий
12%
71 Lu Лютеций
12%
91 Pa Протактиний
12%
100 Fm Фермий
12%
59 Pr Празеодим
11%
97 Bk Берклий
11%
106 Sg Сиборгий
11%
108 Hs Хассий
11%
112 Cn Коперниций
11%
113 Nh Нихоний
11%
64 Gd Гадолиний
10%
65 Tb Тербий
10%
67 Ho Гольмий
10%
68 Er Эрбий
10%
103 Lr Лоуренсий
10%
117 Ts Теннессин
10%
61 Pm Прометий
9%
109 Mt Мейтнерий
9%
114 Fl Флеровий
9%
116 Lv Ливерморий
9%
66 Dy Диспрозий
7%
No matching quizzes found
Score Distribution
Percent of People with Each Score
Percentile by Number Answered
Your Score History
You have not taken this quiz